000 00600nam a2200229Ia 4500
003 OSt
005 20221007071925.0
006 a|||||r|||| 00| 0
007 ta
008 221006b |||||||| |||| 00| 0 eng d
024 _a16,496
037 _cTextual
040 _aFLL
_cFLL
_beng
041 _2eng
_aeng
082 _aY1:45, L0
100 _aBersani Carl A. Au.
_9689677
245 0 _aCrime and delinquency
260 _aLondon
_bMacmillan Comp. England
_c1970
300 _a575p
_ccm.
942 _hY1:45, L0
_cTEXL
_2CC
999 _c1144677
_d1144677